A transzcendens etika elhalványulása 1. rész
Elmentve itt :
| Szerző: | |
|---|---|
| Adatforrás: | Philobibl |
| Forrásdokumentuma: | A transzcendens etika és a globalizmus szelleme : elméleti alapvetés a gazdaság nem gazdasági inputjainak, a tudományos elemzések értékrend adta kereteinek kutatásához |
| Dokumentumtípus: | Kötet |
| Nyelv: | magyar |
| Kulcsszavak: | etika globalizáció |
| Megjelent: |
2006
|
| LEADER | 00661nad a2200157 cc4500 | ||
|---|---|---|---|
| 001 | bibPHI0031262aa | ||
| 005 | 20220214120531.3 | ||
| 008 | 071120s2006 hu hun | ||
| 100 | 1 | |a Máté János | |
| 245 | 1 | 2 | |a A transzcendens etika elhalványulása |n 1. rész |c Máté János |
| 260 | |c 2006 | ||
| 300 | |a XIV, 324 p. | ||
| 500 | |a Bibliogr.: p. 204-212. és a jegyzetekben. | ||
| 695 | |a etika | ||
| 695 | |a globalizáció | ||
| 773 | 0 | |a Máté János |t A transzcendens etika és a globalizmus szelleme : elméleti alapvetés a gazdaság nem gazdasági inputjainak, a tudományos elemzések értékrend adta kereteinek kutatásához |d Budapest : Gondverő, 2006- |w bibPHI0031262 | |